Ukraine UEFA European Championships Players - Statistics

General Stats
  • This quiz has been taken 11 times
  • The average score is 19 of 54
Answer Stats
The Blue and Yellow % Correct
Andriy Pyatov
91%
Artem Dovbyk
91%
Andriy Shevchenko
82%
Oleksandr Zinchenko
82%
Roman Yaremchuk
82%
Andriy Yarmolenko
73%
Mykhailo Mudryk
73%
Anatoliy Trubin
64%
Andriy Lunin
64%
Mykola Shaparenko
64%
Vitaliy Mykolenko
64%
Anatoliy Tymoshchuk
55%
Viktor Tsygankov
55%
Illya Zabarnyi
45%
Taras Stepanenko
45%
Yevhen Konoplyanka
45%
Yukhym Konoplya
45%
Heorhiy Sudakov
36%
Oleksandr Tymchyk
36%
Ruslan Malinovskyi
36%
Vladyslav Vanat
36%
Andriy Voronin
27%
Mykola Matviyenko
27%
Oleh Husiev
27%
Oleksandr Aliyev
27%
Oleksandr Zubkov
27%
Roman Zozulya
27%
Ruslan Rotan
27%
Viktor Kovalenko
27%
Volodymyr Brazhko
27%
Vyacheslav Shevchuk
27%
Artem Fedetskyi
18%
Artem Milevskyi
18%
Bohdan Butko
18%
Denys Harmash
18%
Eduard Sobol
18%
Heorhiy Bushchan
18%
Maksym Talovyerov
18%
Marko Dević
18%
Marlos
18%
Oleksandr Karavayev
18%
Oleksandr Kucher
18%
Oleksandr Svatok
18%
Roman Bezus
18%
Serhiy Kryvtsov
18%
Serhiy Nazarenko
18%
Serhiy Sydorchuk
18%
Taras Mykhalyk
18%
Yaroslav Rakitskiy
18%
Yevhenii Makarenko
18%
Yevhen Khacheridi
18%
Yevhen Seleznyov
18%
Yevhen Selin
18%
Artem Besyedin
9%
No matching quizzes found
Score Distribution
Percent of People with Each Score
Percentile by Number Answered
Your Score History
You have not taken this quiz